| 000 | 00595nam a2200193Ia 4500 | ||
|---|---|---|---|
| 005 | 20260114185829.0 | ||
| 008 | 008 260114s9999 xx 000 0 eng d | ||
| 020 | _a9781472555908 | ||
| 037 | _aEBOOK | ||
| 040 |
_aCRL _beng _cCRL |
||
| 041 |
_aeng _2eng |
||
| 084 | _qCRL | ||
| 100 |
_aPeter Keegan, Ray Laurence and Gareth Sears _9874933 |
||
| 245 | 0 | _aWritten Space in the Latin West, 200 BC to AD 300 | |
| 260 |
_bBloomsbury _c2013 |
||
| 856 | _uhttps://doi.org/10.5040/9781472555908?locatt=label:secondary_bloomsburyCollections | ||
| 942 | _cEBOOK | ||
| 999 |
_c1473867 _d1473867 |
||